书目信息 |
| 题名: |
诺贝尔文学奖金库
|
|
| 作者: | 彭诗琅 , 廖隐邨 主编 | |
| 分册: | 第二卷 | |
| 出版信息: | 北京 中国社会出版社 1998 |
|
| 页数: | 5册(38,3991页) | |
| 开本: | 26cm | |
| 丛书名: | ||
| 单 册: | ||
| 中图分类: | I11 , K815.6 | |
| 科图分类: | ||
| 主题词: | 文学--作品--世界--选集 , 文学 , 诺贝尔文学奖金--作家--列传--世界 , 诺贝尔文学奖金 , 作家 | |
| 电子资源: | ||
| ISBN: | 7-80146-117-7 | |
| 000 | 00925nam0 2200301 450 | |
| 001 | 1257802373 | |
| 005 | 20121014160401.71 | |
| 010 | @a7-80146-117-7@b精装@dCNY196.00 | |
| 100 | @a19990517d1998 em y0chiy50 ea | |
| 101 | 1 | @achi@cmul |
| 102 | @aCN@b110000 | |
| 105 | @ay z 000zd | |
| 200 | 1 | @a诺贝尔文学奖金库@Anuo bei er wen xue jiang jin ku@h第二卷@f彭诗琅,廖隐邨主编 |
| 210 | @a北京@c中国社会出版社@d1998 | |
| 215 | @a5册(38,3991页)@d26cm | |
| 327 | 1 | @a一,作家传略卷·二,小说卷·三,小说卷 戏剧卷@a四,诗歌卷·五,散文卷 |
| 510 | 1 | @aNobel Literature@zeng |
| 606 | 0 | @a文学@x作品@y世界@x选集 |
| 606 | 0 | @a文学 |
| 606 | 0 | @a诺贝尔文学奖金@x作家@x列传@y世界 |
| 606 | 0 | @a诺贝尔文学奖金 |
| 606 | 0 | @a作家 |
| 690 | @aI11@v3 | |
| 690 | @aK815.6@v3 | |
| 701 | 0 | @a彭诗琅@Apeng shi lang@4主编 |
| 701 | 0 | @a廖隐邨@Aliao yin cun@4主编 |
| 801 | 0 | @aCN@bNLC@c20101222 |
| 905 | @a10447@dI11@eJY77:2 | |
| 诺贝尔文学奖金库.第二卷/彭诗琅,廖隐邨主编.-北京:中国社会出版社,1998 |
| 5册(38,3991页);26cm |
| 部分内容:一,作家传略卷·二,小说卷·三,小说卷 戏剧卷;四,诗歌卷·五,散文卷 |
| ISBN 7-80146-117-7(精装):CNY196.00 |
| ● |
| 相关链接 |
|
|
|
|
正题名:诺贝尔文学奖金库
索取号:I11/JY77:2
 
预约/预借
| 序号 | 登录号 | 条形码 | 馆藏地/架位号 | 状态 | 备注 |
| 1 | 7801275 | 278012758 | 学院路分馆/ [索取号:I11/JY77:2] | 在馆 | |
| 2 | 7801276 | 278012767 | 学院路分馆/ [索取号:I11/JY77:2] | 在馆 | |
| 3 | 7801277 | 278012776 | 学院路分馆/ [索取号:I11/JY77:2] | 在馆 | |
| 4 | 7801278 | 278012785 | 学院路分馆/ [索取号:I11/JY77:2] | 在馆 |